<?xml version="1.0" encoding="UTF-8"?>
<record
    xmlns:xsi="http://www.w3.org/2001/XMLSchema-instance"
    xsi:schemaLocation="http://www.loc.gov/MARC21/slim http://www.loc.gov/standards/marcxml/schema/MARC21slim.xsd"
    xmlns="http://www.loc.gov/MARC21/slim">

  <leader>01355nam a2200313 a 4500</leader>
  <controlfield tag="001">BRCA_1682</controlfield>
  <controlfield tag="005">20190320203515.0</controlfield>
  <controlfield tag="008">880822s1989    caua---##b---#001-0#eng-#</controlfield>
  <datafield tag="020" ind1=" " ind2=" ">
    <subfield code="a">0937108073</subfield>
  </datafield>
  <datafield tag="040" ind1=" " ind2=" ">
    <subfield code="a">DLC</subfield>
    <subfield code="c">DLC</subfield>
    <subfield code="d">DLC</subfield>
  </datafield>
  <datafield tag="050" ind1=" " ind2="4">
    <subfield code="a">NE553.L3</subfield>
    <subfield code="b">.T68 1989</subfield>
  </datafield>
  <datafield tag="245" ind1="1" ind2="0">
    <subfield code="a">Toulouse-Lautrec</subfield>
    <subfield code="b">the Baldwin M. Baldwin Collection</subfield>
    <subfield code="c">curator of European Art Nora Desloge ; with essays by Phillip Dennis Cate, Julia Frey.</subfield>
  </datafield>
  <datafield tag="250" ind1=" " ind2=" ">
    <subfield code="a">2</subfield>
  </datafield>
  <datafield tag="260" ind1=" " ind2=" ">
    <subfield code="a">San Diego</subfield>
    <subfield code="b">San Diego Museum of Art</subfield>
    <subfield code="c">1989</subfield>
  </datafield>
  <datafield tag="300" ind1=" " ind2=" ">
    <subfield code="a">263 p.</subfield>
    <subfield code="b">il. (algunas a color)</subfield>
    <subfield code="c">29 cm.</subfield>
  </datafield>
  <datafield tag="500" ind1=" " ind2=" ">
    <subfield code="a">T&#xED;tulo del lomo : Henri de Toulouse-Lautrec</subfield>
  </datafield>
  <datafield tag="500" ind1=" " ind2=" ">
    <subfield code="a">Cat&#xE1;logo de la exposici&#xF3;n realizada en The San Diego Museum of Art, 15 octubre - 31 diciembre, 1988 y en el Museo Franz Mayer (Ciudad de M&#xE9;xico), 19 febrero - 12 abril, 1998</subfield>
  </datafield>
  <datafield tag="504" ind1=" " ind2=" ">
    <subfield code="a">Bibliograf&#xED;a: p. 261</subfield>
  </datafield>
  <datafield tag="600" ind1="1" ind2="4">
    <subfield code="a">Toulouse-Lautrec, Henri de</subfield>
    <subfield code="d">1864-1901</subfield>
    <subfield code="x">Exposiciones</subfield>
    <subfield code="9">5251</subfield>
  </datafield>
  <datafield tag="610" ind1="2" ind2="4">
    <subfield code="a">Baldwin M. Foundation</subfield>
    <subfield code="x">Colecciones de arte</subfield>
    <subfield code="9">5252</subfield>
  </datafield>
  <datafield tag="610" ind1="2" ind2="4">
    <subfield code="a">San Diego Museum</subfield>
    <subfield code="v">Exposiciones</subfield>
    <subfield code="9">5253</subfield>
  </datafield>
  <datafield tag="650" ind1="1" ind2="4">
    <subfield code="a">Litograf&#xED;a</subfield>
    <subfield code="x">Colecciones privadas</subfield>
    <subfield code="z">California (Estados Unidos)</subfield>
    <subfield code="9">5254</subfield>
  </datafield>
  <datafield tag="700" ind1="1" ind2=" ">
    <subfield code="a">Toulouse-Lautrec, Henri de</subfield>
    <subfield code="d">1864-1901</subfield>
    <subfield code="9">5255</subfield>
  </datafield>
  <datafield tag="700" ind1="1" ind2=" ">
    <subfield code="a">Desloge, Nora</subfield>
    <subfield code="9">5256</subfield>
  </datafield>
  <datafield tag="700" ind1="1" ind2=" ">
    <subfield code="a">Cate, Phillip Dennis</subfield>
    <subfield code="9">5257</subfield>
  </datafield>
  <datafield tag="700" ind1="1" ind2=" ">
    <subfield code="a">Frey, Julia Bloch</subfield>
    <subfield code="d">1943-</subfield>
    <subfield code="9">5258</subfield>
  </datafield>
  <datafield tag="740" ind1="0" ind2=" ">
    <subfield code="a">Henri de Toulouse-Lautrec</subfield>
  </datafield>
  <datafield tag="942" ind1=" " ind2=" ">
    <subfield code="2">lcc</subfield>
    <subfield code="c">B</subfield>
  </datafield>
  <datafield tag="999" ind1=" " ind2=" ">
    <subfield code="c">1475</subfield>
    <subfield code="d">1475</subfield>
  </datafield>
  <datafield tag="952" ind1=" " ind2=" ">
    <subfield code="0">0</subfield>
    <subfield code="1">0</subfield>
    <subfield code="4">0</subfield>
    <subfield code="7">0</subfield>
    <subfield code="a">BRCA</subfield>
    <subfield code="b">BRCA</subfield>
    <subfield code="d">2008-06-27</subfield>
    <subfield code="l">0</subfield>
    <subfield code="o">NE553.L3 .T68 1989</subfield>
    <subfield code="p">02319</subfield>
    <subfield code="r">2019-03-22 00:00:00</subfield>
    <subfield code="w">2019-03-22</subfield>
    <subfield code="y">B</subfield>
  </datafield>
</record>
